| 000 | 00494nam a2200169Ia 4500 | ||
|---|---|---|---|
| 003 | GCL | ||
| 008 | 140319s9999 xx 000 0 ara d | ||
| 040 |
_aGCL / _cGCL |
||
| 082 | 0 | 4 |
_a415.1 _bا ن |
| 100 | 1 | _aالسيد يعقوب بكر | |
| 245 | 1 | 0 |
_aنصوص فى النحو العربى / _cالسيد يعقوب بكر |
| 260 |
_a[S.N] : _bدار النهضة العربية ، _c1984 |
||
| 490 | _a | ||
| 650 | 0 | 4 | _aالنحو |
| 650 | 0 | 4 | _aاللغة العربية |
| 942 |
_2ddc _cBK |
||
| 999 |
_c37130 _d37130 |
||